|
|
|
|
| LEADER |
03756nam a2200625 4500 |
| 001 |
978-3-030-27192-3 |
| 003 |
DE-He213 |
| 005 |
20191220125844.0 |
| 007 |
cr nn 008mamaa |
| 008 |
190725s2019 gw | s |||| 0|eng d |
| 020 |
|
|
|a 9783030271923
|9 978-3-030-27192-3
|
| 024 |
7 |
|
|a 10.1007/978-3-030-27192-3
|2 doi
|
| 040 |
|
|
|d GrThAP
|
| 050 |
|
4 |
|a QA76.76.A65
|
| 072 |
|
7 |
|a UNH
|2 bicssc
|
| 072 |
|
7 |
|a COM032000
|2 bisacsh
|
| 072 |
|
7 |
|a UNH
|2 thema
|
| 072 |
|
7 |
|a UDBD
|2 thema
|
| 082 |
0 |
4 |
|a 005.7
|2 23
|
| 245 |
1 |
0 |
|a Mobile Web and Intelligent Information Systems
|h [electronic resource] :
|b 16th International Conference, MobiWIS 2019, Istanbul, Turkey, August 26-28, 2019, Proceedings /
|c edited by Irfan Awan, Muhammad Younas, Perin Ünal, Markus Aleksy.
|
| 250 |
|
|
|a 1st ed. 2019.
|
| 264 |
|
1 |
|a Cham :
|b Springer International Publishing :
|b Imprint: Springer,
|c 2019.
|
| 300 |
|
|
|a XI, 344 p. 213 illus., 103 illus. in color.
|b online resource.
|
| 336 |
|
|
|a text
|b txt
|2 rdacontent
|
| 337 |
|
|
|a computer
|b c
|2 rdamedia
|
| 338 |
|
|
|a online resource
|b cr
|2 rdacarrier
|
| 347 |
|
|
|a text file
|b PDF
|2 rda
|
| 490 |
1 |
|
|a Information Systems and Applications, incl. Internet/Web, and HCI ;
|v 11673
|
| 505 |
0 |
|
|a Mobile apps and services -- Web and mobile applications -- Security and privacy -- Wireless networks and cloud computing -- Intelligent mobile applications -- Mobile web and practical applications.
|
| 520 |
|
|
|a This book constitutes the refereed proceedings of the 16th International Conference on Mobile Web and Intelligent Information Systems, MobiWIS 2019, held in Istanbul, Turkey, in August 2019. The 23 full papers presented together with 3 short papers were carefully reviewed and selected from 74 submissions. The papers of the MobiWIS 2019 deal with areas such as: mobile apps and services; web and mobile applications; security and privacy; wireless networks and cloud computing; intelligent mobile applications; and mobile web and practical applications.
|
| 650 |
|
0 |
|a Application software.
|
| 650 |
|
0 |
|a Computer communication systems.
|
| 650 |
|
0 |
|a Special purpose computers.
|
| 650 |
|
0 |
|a Artificial intelligence.
|
| 650 |
|
0 |
|a Computer security.
|
| 650 |
|
0 |
|a Optical data processing.
|
| 650 |
1 |
4 |
|a Information Systems Applications (incl. Internet).
|0 http://scigraph.springernature.com/things/product-market-codes/I18040
|
| 650 |
2 |
4 |
|a Computer Communication Networks.
|0 http://scigraph.springernature.com/things/product-market-codes/I13022
|
| 650 |
2 |
4 |
|a Special Purpose and Application-Based Systems.
|0 http://scigraph.springernature.com/things/product-market-codes/I13030
|
| 650 |
2 |
4 |
|a Artificial Intelligence.
|0 http://scigraph.springernature.com/things/product-market-codes/I21000
|
| 650 |
2 |
4 |
|a Systems and Data Security.
|0 http://scigraph.springernature.com/things/product-market-codes/I28060
|
| 650 |
2 |
4 |
|a Image Processing and Computer Vision.
|0 http://scigraph.springernature.com/things/product-market-codes/I22021
|
| 700 |
1 |
|
|a Awan, Irfan.
|e editor.
|4 edt
|4 http://id.loc.gov/vocabulary/relators/edt
|
| 700 |
1 |
|
|a Younas, Muhammad.
|e editor.
|4 edt
|4 http://id.loc.gov/vocabulary/relators/edt
|
| 700 |
1 |
|
|a Ünal, Perin.
|e editor.
|4 edt
|4 http://id.loc.gov/vocabulary/relators/edt
|
| 700 |
1 |
|
|a Aleksy, Markus.
|e editor.
|4 edt
|4 http://id.loc.gov/vocabulary/relators/edt
|
| 710 |
2 |
|
|a SpringerLink (Online service)
|
| 773 |
0 |
|
|t Springer eBooks
|
| 776 |
0 |
8 |
|i Printed edition:
|z 9783030271916
|
| 776 |
0 |
8 |
|i Printed edition:
|z 9783030271930
|
| 830 |
|
0 |
|a Information Systems and Applications, incl. Internet/Web, and HCI ;
|v 11673
|
| 856 |
4 |
0 |
|u https://doi.org/10.1007/978-3-030-27192-3
|z Full Text via HEAL-Link
|
| 912 |
|
|
|a ZDB-2-SCS
|
| 912 |
|
|
|a ZDB-2-LNC
|
| 950 |
|
|
|a Computer Science (Springer-11645)
|